[Event "34th Leon Blitz Open 2021"]
[Site "chess.com INT"]
[Date "2021.07.07"]
[Round "14"]
[White "Girya, Olga"]
[Black "Dobre, Claudiu-Cristian"]
[Result "0-1"]
[WhiteTitle "WGM"]
[BlackTitle "IM"]
[WhiteElo "2448"]
[BlackElo "2314"]
[WhiteFideId "4195752"]
[BlackFideId "1211854"]
[EventDate "2021.07.07"]

1. d4 d5 2. Nf3 Nf6 3. Bf4 c6 4. Nbd2 Bf5 5. c3 h6 6. e3 e6 7. Qb3 Qb6 8. Be2
Nbd7 9. h3 Be7 10. O-O O-O 11. c4 Rfe8 12. c5 Qxb3 13. axb3 a6 14. b4 Rac8 15.
Nb3 Bd8 16. Na5 Bxa5 17. bxa5 Ne4 18. Ra4 Nf8 19. Rb4 Re7 20. Bd6 Rd7 21. Ne5
Rxd6 22. cxd6 Nxd6 23. g4 Bh7 24. Rc1 f6 25. Nf3 Nd7 26. Nd2 e5 27. Nb3 Kf8 28.
Nc5 Nxc5 29. Rxc5 Ke7 30. Rb6 Kd7 31. f3 exd4 32. exd4 Bb1 33. Kf2 Re8 34. Rc3
Ba2 35. Re3 Rd8 36. Rb4 Nb5 37. Bxb5 axb5 38. Ra3 Bc4 39. a6 Kc7 40. b3 Bd3 41.
Ke3 Bg6 42. Kf4 Ra8 43. a7 b6 44. h4 Kb7 45. g5 hxg5+ 46. hxg5 Rxa7 47. Rba4
bxa4 48. bxa4 b5 49. gxf6 gxf6 50. Re3 Rxa4 51. Re7+ Kb6 52. Re6 Rxd4+ 53. Ke3
Rd3+ 54. Ke2 Ra3 55. Rxf6 Bb1 56. f4 Be4 57. Rf8 Rf3 58. f5 Rxf5 0-1

[Event "34th Leon Blitz Open 2021"]
[Site "chess.com INT"]
[Date "2021.07.07"]
[Round "14"]
[White "Martinez Alcantara, Jose Eduardo"]
[Black "Ibrahimli, Murad"]
[Result "1/2-1/2"]
[WhiteTitle "GM"]
[BlackTitle "IM"]
[WhiteElo "2620"]
[BlackElo "2436"]
[WhiteFideId "3805662"]
[BlackFideId "13410229"]
[EventDate "2021.07.07"]

1. e4 e5 2. Nf3 Nc6 3. Bb5 a6 4. Ba4 Nf6 5. Qe2 b5 6. Bb3 Bc5 7. c3 d6 8. d3 h6
9. O-O Bg4 10. Be3 O-O 11. Nbd2 Qb8 12. h3 Bh5 13. Bxc5 dxc5 14. Qe3 Qb6 15. Nh4
Kh7 16. f4 c4 17. Qxb6 cxb6 18. dxc4 exf4 19. Rxf4 Rad8 20. Nf1 bxc4 21. Bxc4 b5
22. Bb3 Rfe8 23. Ng3 Bg6 24. Nxg6 fxg6 25. a4 Ne5 26. axb5 axb5 27. Ra7 Kh8 28.
Bd5 b4 29. cxb4 Rb8 30. Rb7 Rxb7 31. Bxb7 Rb8 32. Bd5 Rxb4 33. Rf2 Nd3 34. Rd2
Ne5 35. Ne2 Ra4 36. Rd1 Nxe4 37. Bxe4 Rxe4 38. Nc3 Rb4 39. Rd2 Rb3 40. Nd1 Kh7
41. Kf2 g5 42. Ke2 Ng6 43. Nc3 Nf4+ 44. Kf2 Rxb2 45. Rxb2 Nd3+ 46. Kf3 Nxb2 47.
Ne4 Kg6 48. g4 Nd3 49. Ke3 Nf4 50. Nf2 Kf6 51. Ke4 Ke6 52. h4 Kf6 53. Kf3 Ng6
54. Ne4+ Ke5 55. hxg5 Nh4+ 56. Ke3 Ng2+ 57. Kf3 Ne1+ 58. Ke3 Nc2+ 59. Kf3 Nd4+
60. Ke3 Nc2+ 61. Kf3 Nd4+ 62. Ke3 Nc2+ 1/2-1/2

[Event "34th Leon Blitz Open 2021"]
[Site "chess.com INT"]
[Date "2021.07.07"]
[Round "14"]
[White "Pacheco Lugo, Alejandro Jose"]
[Black "Szente Varga, Fruzsina"]
[Result "1/2-1/2"]
[WhiteTitle "CM"]
[BlackTitle "WFM"]
[WhiteElo "2127"]
[BlackElo "2100"]
[WhiteFideId "3903745"]
[BlackFideId "712264"]
[EventDate "2021.07.07"]

1. e4 Nf6 2. e5 Nd5 3. c4 Nb6 4. d4 d6 5. exd6 cxd6 6. Nc3 g6 7. h3 Bg7 8. Nf3
O-O 9. Be2 Nc6 10. O-O e5 11. Bg5 f6 12. Be3 f5 13. dxe5 dxe5 14. c5 Nd7 15.
Bc4+ Kh8 16. Bg5 Qa5 17. Nb5 Nxc5 18. Qd6 Ne4 19. Qc7 a6 20. Qxa5 Nxa5 21. Na3
Nxg5 22. Nxg5 Nxc4 23. Nxc4 e4 24. Nb6 Rb8 25. Nxc8 Rfxc8 26. Ne6 Bxb2 27. Rab1
Be5 28. a4 Rc6 29. Ng5 Kg7 30. f4 Bd4+ 31. Kh1 h6 32. Rfd1 hxg5 33. Rxd4 gxf4
34. Rf1 g5 35. g3 f3 36. g4 fxg4 37. Rxe4 Rc2 38. Rxg4 Kh6 39. Rxf3 Rd8 40. Rg2
Rd1+ 41. Kh2 Rxg2+ 42. Kxg2 Ra1 43. Rf6+ Kh5 44. Rb6 Rxa4 45. Rxb7 Ra2+ 46. Kg3
Ra3+ 47. Kg2 a5 48. Ra7 a4 49. Ra6 g4 50. hxg4+ Kxg4 51. Ra8 Ra2+ 52. Kg1 Kf3
53. Rf8+ Ke3 54. Ra8 Kd3 55. Kh1 Kc3 56. Kg1 Kb3 57. Rf8 Rc2 58. Rb8+ Ka2 59.
Kf1 a3 60. Ke1 Rb2 61. Ra8 Rb3 62. Kd2 Ka1 63. Kc2 Rb2+ 64. Kc1 a2 65. Ra7 Rb8
66. Kc2 Rc8+ 67. Kb3 Rb8+ 68. Kc2 Rc8+ 69. Kb3 Rb8+ 70. Kc2 1/2-1/2

[Event "34th Leon Blitz Open 2021"]
[Site "chess.com INT"]
[Date "2021.07.07"]
[Round "14"]
[White "Maly, Alexey"]
[Black "Vovk, Orest"]
[Result "0-1"]
[WhiteTitle "IM"]
[BlackTitle "FM"]
[WhiteElo "2370"]
[BlackElo "2315"]
[WhiteFideId "14103184"]
[BlackFideId "14113490"]
[EventDate "2021.07.07"]

1. d4 Nc6 2. d5 Ne5 3. e4 Ng6 4. Nc3 e5 5. g3 Bc5 6. Bg2 Nf6 7. Nge2 Ng4 8. O-O
h5 9. Na4 Bxf2+ 10. Rxf2 Nxf2 11. Kxf2 d6 12. h4 O-O 13. Kg1 Bg4 14. Nac3 f5 15.
Bg5 Qd7 16. exf5 Qxf5 17. Ne4 Rf7 18. Qd3 Raf8 19. N2c3 Bh3 20. Rf1 Qxf1+ 21.
Bxf1 Rxf1+ 22. Kh2 Bg4 23. Nf6+ R8xf6 24. Bxf6 Rxf6 25. Ne4 Rf3 26. Qb5 Re3 27.
Nf2 Re2 28. Kg1 Bf3 29. Qe8+ Kh7 30. Qf7 e4 31. Nh3 Rg2+ 32. Kf1 Rxg3 33. Ng5+
Rxg5 34. hxg5 h4 35. Qf5 Bh1 36. Kf2 Bf3 37. Ke3 a5 38. a3 b6 39. Kd4 Bg2 40.
Kc3 h3 41. Qf2 Ne5 42. Qh4+ Kg6 43. Qf4 Nf7 44. Qg3 Nxg5 45. Kd4 Kh5 46. Ke3 Nf3
47. Qxg7 Bf1 48. Qf7+ Kg5 49. Qg8+ Kf5 50. Qf8+ Ke5 51. Qe7+ Kxd5 52. Qf7+ Kc6
53. Qe8+ Kc5 54. Qh8 d5 55. b4+ axb4 56. axb4+ Kc6 57. b5+ Kxb5 58. Qe8+ c6 59.
Qh8 Bg2 60. Qh7 h2 61. c4+ Kxc4 62. Qc7 Kb5 63. Qe7 h1=Q 0-1

[Event "34th Leon Blitz Open 2021"]
[Site "chess.com INT"]
[Date "2021.07.07"]
[Round "14"]
[White "Senlle Caride, Miguel"]
[Black "Tejedor Fuente, Enrique"]
[Result "1/2-1/2"]
[WhiteTitle "FM"]
[BlackTitle "IM"]
[WhiteElo "2354"]
[BlackElo "2434"]
[WhiteFideId "2282500"]
[BlackFideId "2299100"]
[EventDate "2021.07.07"]

1. d4 Nf6 2. c4 e6 3. Nc3 Bb4 4. Bd2 O-O 5. Qc2 c5 6. dxc5 Na6 7. a3 Bxc3 8.
Bxc3 Nxc5 9. b4 Nce4 10. Bb2 d5 11. e3 Bd7 12. Nf3 Rc8 13. c5 b6 14. Ba6 Rc7 15.
Be5 Rc6 16. Bb7 bxc5 17. Bxc6 Bxc6 18. O-O c4 19. Nd4 Bd7 20. f3 Ng5 21. h4 Nge4
22. b5 Nc5 23. a4 Nd3 24. Bxf6 Qxf6 25. g3 e5 26. Ne2 Qb6 27. Nc3 Qxe3+ 28. Kh2
Be6 29. Nd1 Qd4 30. Nf2 Nb4 31. Qd1 Qc5 32. Rb1 a5 33. bxa6 Nxa6 34. Rb5 Qa3 35.
Qa1 Qxf3 36. Qxe5 Qa3 37. Qa1 Qe3 38. Qe1 Qa3 39. Qa1 Qd6 40. Qd4 Nc7 41. Rb6
Qa3 42. Rc6 Ne8 43. Ra1 Qf3 44. a5 Nf6 45. a6 Bd7 46. Rc7 Bf5 47. a7 Ne4 48.
a8=Q Qxg3+ 49. Kh1 Qf3+ 50. Kg1 Qg3+ 51. Kf1 Bh3+ 52. Nxh3 Qxh3+ 53. Ke1 Qg3+
54. Kd1 Qxc7 55. Qaa7 Qf4 56. Qe3 Qxh4 57. Qad4 Qh5+ 58. Kc2 Qf5 59. Rg1 Nf6+
60. Kc1 Rb8 61. Qa1 h5 62. Qec3 Qf4+ 63. Qd2 Qf5 64. Qdc3 Kh7 65. Rxg7+ Kxg7 66.
Qg3+ Kh7 67. Qxb8 h4 68. Qbe5 Qf1+ 69. Kc2 Qf2+ 70. Kc1 Qf1+ 71. Kb2 Qf2+ 72.
Ka3 Qc5+ 73. Ka4 Qc6+ 74. Ka3 Qc5+ 75. Kb2 Qf2+ 76. Kc1 Qf1+ 1/2-1/2

[Event "34th Leon Blitz Open 2021"]
[Site "chess.com INT"]
[Date "2021.07.07"]
[Round "14"]
[White "Guevara Sanchez, Erick Marvin"]
[Black "Necula, Iulian"]
[Result "1/2-1/2"]
[WhiteTitle "FM"]
[WhiteElo "2173"]
[BlackElo "1890"]
[WhiteFideId "6700136"]
[BlackFideId "1232380"]
[EventDate "2021.07.07"]

1. e4 g6 2. d4 c6 3. Nc3 d5 4. Be3 dxe4 5. Nxe4 Nf6 6. Nxf6+ exf6 7. Qd2 Be6 8.
Ne2 Bg7 9. Nc3 O-O 10. O-O-O b5 11. Kb1 b4 12. Na4 Qa5 13. b3 Nd7 14. f3 Nb6 15.
Nxb6 axb6 16. a4 bxa3 17. Qxa5 bxa5 18. c4 Rfd8 19. Ka2 a4 20. b4 f5 21. Kxa3
Bf8 22. Be2 Rdb8 23. Rb1 Rb7 24. Rb2 Rab8 25. Rhb1 h6 26. Bd1 Ra8 27. Be2 g5 28.
c5 f4 29. Bf2 Bb3 30. Rc1 Rab8 31. Be1 Bg7 32. Bc3 Re8 33. Ba6 Rd7 34. Rxb3 axb3
35. Kxb3 Bxd4 36. Rd1 Re3 37. Rxd4 Rxd4 38. Kb2 Rd7 39. Bc4 Rb7 40. Kb3 h5 41.
Kb2 g4 42. Bd2 gxf3 43. Bxe3 fxg2 44. Bf2 h4 45. Kc3 h3 46. Bd3 Re7 47. Bg1 Re1
48. Bf2 Rc1+ 49. Kd2 Ra1 50. Bd4 g1=Q 51. Bxg1 Rxg1 52. Be4 Rg2+ 53. Kd3 Rxh2
54. Bxc6 Rb2 55. b5 h2 56. b6 Rb3+ 57. Kc4 Re3 58. Bd5 f3 59. b7 h1=Q 60. b8=Q+
Kg7 61. Qg3+ Kf8 62. Qd6+ Re7 63. Qd8+ Re8 64. Qd6+ Kg7 65. Qg3+ Kh8 66. Qxf3
Qc1+ 67. Kd4 Qb2+ 68. Kc4 Qa2+ 69. Kd4 Qa4+ 70. Kc3 Qa5+ 71. Kd4 Qd2+ 72. Kc4
Qc2+ 73. Kd4 Qb2+ 74. Kc4 Re2 75. Qh3+ Kg7 76. Qg4+ Kf6 77. Qf4+ Kg6 78. Qxf7+
Kg5 79. Qg8+ Kf4 80. Qf7+ Kg3 81. Qg6+ Kf2 82. Qg2+ Ke3 83. Qg1+ Kd2 84. Qd4+
Kc1 85. Qxb2+ Kxb2 86. c6 Re8 87. Kc5 Rc8 88. Kd6 Rxc6+ 89. Bxc6 1/2-1/2